El correr chi: una aproximación revolucionaria a la carrera sin esfuerzo y sin lesiones

Gespeichert in:
Bibliographische Detailangaben
Hauptverfasser: Dreyer, Danny (VerfasserIn), Dreyer, Katherine (VerfasserIn)
Format: Buch
Sprache:Spanisch
Veröffentlicht: Barcelona Paidotribo 2005
Ausgabe:1a. ed
Schlagworte:
Tags: Tag hinzufügen
Keine Tags, Fügen Sie den ersten Tag hinzu!

MARC

LEADER 00000nam a2200000 a 4500
001 UCG3324
003 CL-VaPUC
008 100819e20050000SP |||||||||||||||||spa|d
020 |a 848019832X 
082 0 4 |a 796.42  |b DRE  |2 21 
100 0 |a Dreyer, Danny  |e author  |9 552362 
700 0 |a Dreyer, Katherine  |e author  |9 552363 
245 1 3 |a El correr chi: una aproximación revolucionaria a la carrera sin esfuerzo y sin lesiones 
250 |a 1a. ed 
300 |a 237 p 
942 |c BK 
945 |d 20100819 00:00:00  |a mfarfan 
260 |a Barcelona  |b Paidotribo  |c 2005 
650 0 |a Atletismo  |9 307422 
650 7 |a TAI CHI  |2 CL-VaPUC  |9 312627 
650 7 |a LESIONES  |2 CL-VaPUC  |9 341963 
650 7 |a PREVENCION  |2 CL-VaPUC  |9 322995 
583 |a last modification  |c 20100819 00:00:00  |k Rodrigo Vera 
999 |c 342394  |d 342392 
952 |0 0  |1 0  |4 0  |6 796_420000000000000_DRE_2005  |7 0  |8 C  |9 438561  |a BIBCUR  |b BIBCUR  |d 2019-11-22  |i 4708806  |o 796.42 DRE 2005  |p 4708806  |r 2025-04-22  |w 2019-11-22  |y BK  |k DEN